| LEADER | 00872cam a2200229 a 4500 | ||
|---|---|---|---|
| 001 | 0000113295 | ||
| 005 | 20100315090000.0 | ||
| 040 | |a mod | ||
| 041 | |a eng | ||
| 020 | 0 | 0 | |a 9781420071832 |
| 090 | 0 | 0 | |a 363.325 |b NAN |e 2008 |
| 100 | 1 | 0 | |a Nance |h Malcolm W |
| 245 | 1 | 0 | |a Terrorist recognition handbook |b a practitioner's manual for predicting and identifying terrorist activities |c Malcolm W. Nance |
| 250 | 0 | 0 | |a 2nd ed |
| 260 | 0 | 0 | |a Boca Raton |b CRC Press |c 2008 |
| 300 | 0 | 0 | |a iii, 463 p. |b ill. |c 24 cm |
| 650 | 0 | 0 | |a Terrorism |
| 852 | 0 | 0 | |a 01 |
| 999 | |a 0274792 |b PUSARTI |d BOOKS |e Umum |f PUSARTI |j AVAILABLE |q GOOD CONDITION | ||
| 999 | |a 0275650 |b KEMENTAH |d BOOKS |e Rujukan |f Perpustakaan KEMENTAH |j AVAILABLE |q GOOD CONDITION | ||
| 999 | |a 0280983 |b KEMENTAH |d BOOKS |e Rujukan |f Perpustakaan KEMENTAH |j AVAILABLE |q GOOD CONDITION | ||
| 999 | |a 0286341 |b 2 BGD |d BOOKS |e Umum |f 2 BGD |j AVAILABLE |q GOOD CONDITION | ||